| 000 | 00615nam a2200181Ia 4500 | ||
|---|---|---|---|
| 008 | 090124s9999 xx 000 0 und d | ||
| 082 | _b115179 | ||
| 100 | _aकोल्हटकर श्रीपद कृष्ण | ||
| 245 | _a संगीत सहचारीणी | ||
| 250 | _a1 | ||
| 260 | _c1925 | ||
| 300 | _a114 | ||
| 600 | _aकोल्हटकर श्रीपद कृष्ण | ||
| 630 | _a संगीत सहचारीणी | ||
| 700 | _aकोल्हटकर श्रीपद कृष्ण | ||
| 730 | _a संगीत सहचारीणी | ||
| 942 | _cBOOK | ||
| 999 |
_c161270 _d161270 |
||